QUEST Central Library Banner

Modern Transistor radios (Record no. 12268)

MARC details
000 -LEADER
fixed length control field 00230nam a22001097a 4500
082 ## - DEWEY DECIMAL CLASSIFICATION NUMBER
Classification number 621.3841366WAR
100 ## - MAIN ENTRY--AUTHOR NAME
Personal name Warring R H
245 ## - TITLE STATEMENT
Title Modern Transistor radios
260 ## - PUBLICATION, DISTRIBUTION, ETC. (IMPRINT)
Place of publication London
Name of publisher Lutter
Year of publication 1976
300 ## - PHYSICAL DESCRIPTION
Number of Pages 32
942 ## - ADDED ENTRY ELEMENTS (KOHA)
Koha item type Books
Holdings
Withdrawn status Lost status Home library Current library Date acquired Cost, normal purchase price Full call number Accession Number Koha item type
    Central Library, QUEST, Nawabshah Central Library, QUEST, Nawabshah 11/02/2015 54.00 621.3841366WAR 7105 Books

Copyright © 2018,The QUEST, Nawabshah, Shaheed Benazirabad. All rights reserved
Mr. G. Farooq Channar (Librarian) QUEST, Nawabshah, Sindh, Pakistan 67480.
 Ph#: |   0244-9370381-4 Ext. 2308   Email| lib@quest.edu.pk   Web|  http://www.quest.edu.pk